[Event "4NCL Division 3"]
[Site "Daventry Court ENG"]
[Date "2014.03.22"]
[Round "7.56"]
[White "Ivell, Nicholas W"]
[Black "Buckley, Graeme N"]
[Result "1-0"]
[WhiteElo "2282"]
[BlackElo "2340"]
[PlyCount "161"]
[EventDate "2014.03.22"]
[WhiteTeam "Spirit of Atticus A"]
[BlackTeam "Guildford 3"]

1. e4 c5 2. Nc3 Nc6 3. g3 g6 4. Bg2 Bg7 5. d3 Rb8 6. Be3 b5 7. a3 d6 8. Rb1 h5
9. h3 Bd7 10. Nf3 Qc8 11. Ng5 Nh6 12. f4 Nd4 13. Ne2 e5 14. c3 Nxe2 15. Qxe2 f6
16. Nf3 O-O 17. Nh4 Kh7 18. f5 gxf5 19. exf5 Be8 20. O-O Bf7 21. Kh2 a5 22. Bf3
c4 23. Bxh5 Rh8 24. Bxh6 Bxh5 25. Qxh5 Kg8 26. Ng6 Qe8 27. Qg4 Rxh6 28. dxc4
Kf7 29. Qe4 Bf8 30. Qd5+ Kg7 31. Nxf8 Qxf8 32. cxb5 Qe8 33. g4 Rxb5 34. Qxd6 e4
35. Qg3 e3 36. Rg1 Kh7 37. b4 e2 38. g5 fxg5 39. Qxg5 Qe5+ 40. Rg3 Rb8 41. Re1
axb4 42. cxb4 Rf8 43. b5 Rd6 44. Qh5+ Rh6 45. Qxe2 Qxf5 46. Qe4 Qxe4 47. Rxe4
Rf2+ 48. Kg1 Rb2 49. a4 Rh5 50. Kf1 Kh6 51. Ke1 Ra2 52. Re6+ Kh7 53. Rd3 Kg7
54. Re4 Rc5 55. Rd2 Ra1+ 56. Ke2 Rcc1 57. Kf3 Rc3+ 58. Kg4 Kf6 59. Rf2+ Kg6 60.
Rf3 Rc2 61. Kf4 Rc5 62. Rd3 Rf5+ 63. Ke3 Rff1 64. Rd6+ Kf5 65. Rd5+ Kf6 66.
Rf4+ Rxf4 67. Kxf4 Rxa4+ 68. Kg3 Ra3+ 69. Kg4 Ra4+ 70. Kh5 Rb4 71. Rg5 Rb1 72.
h4 Rb4 73. b6 Ke6 74. Rg6+ Kf5 75. Rc6 Rb5 76. Kh6 Kg4 77. Kg6 Kxh4 78. Kf6 Rh5
79. Rc4+ Kg3 80. Rb4 Rh6+ 81. Kg7 1-0

[Event "4NCL Division 3"]
[Site "Daventry Court ENG"]
[Date "2014.03.22"]
[Round "7.57"]
[White "Povah, Nigel E"]
[Black "Carleton, John J"]
[Result "1-0"]
[WhiteElo "2288"]
[BlackElo "2241"]
[PlyCount "75"]
[EventDate "2014.03.22"]
[WhiteTeam "Guildford 3"]
[BlackTeam "Spirit of Atticus A"]

1. d4 d5 2. Nf3 Bf5 3. c4 e6 4. cxd5 exd5 5. Qb3 Nc6 6. Bd2 Qd7 7. e3 Nf6 8.
Ne5 Nxe5 9. dxe5 Ne4 10. Qxb7 Rc8 11. Ba6 Be7 12. Qxc8+ Qxc8 13. Bxc8 Bxc8 14.
Nc3 Nxd2 15. Kxd2 c6 16. Rac1 Ba6 17. Rhd1 O-O 18. Rc2 f6 19. exf6 Rxf6 20. Ke1
Rh6 21. h3 Rg6 22. g3 Rh6 23. h4 g5 24. hxg5 Bxg5 25. Rd4 Rh1+ 26. Kd2 h5 27.
Ra4 Bc8 28. Rxa7 Bf5 29. Rc1 Rh2 30. Nd1 d4 31. Ke2 Bg4+ 32. Kd3 Rh1 33. f4
dxe3 34. Kxe3 Re1+ 35. Kd2 Re2+ 36. Kd3 Bf6 37. Rxc6 Bg7 38. Ne3 1-0

[Event "4NCL Division 3"]
[Site "Daventry Court ENG"]
[Date "2014.03.22"]
[Round "7.58"]
[White "Smith, Andrew P"]
[Black "Osborne, Marcus E"]
[Result "0-1"]
[WhiteElo "2150"]
[BlackElo "2254"]
[PlyCount "114"]
[EventDate "2014.03.22"]
[WhiteTeam "Spirit of Atticus A"]
[BlackTeam "Guildford 3"]

1. e4 c5 2. Nf3 Nc6 3. d4 cxd4 4. Nxd4 e5 5. Nb5 d6 6. c4 Be7 7. N1c3 a6 8. Na3
f5 9. exf5 Bxf5 10. Bd3 Be6 11. O-O Nf6 12. Nc2 Rc8 13. Be3 Na5 14. Na3 Nxc4
15. Nxc4 Bxc4 16. Bxc4 Rxc4 17. Nd5 Rc6 18. Nxf6+ Bxf6 19. Qd5 Qd7 20. Rac1 Qf7
21. Qa5 Rxc1 22. Rxc1 O-O 23. Rc7 Qg6 24. Qd5+ Kh8 25. h3 Qf5 26. Qxd6 Rd8 27.
Rf7 Qc8 28. Qb4 b5 29. h4 Qe6 30. Ra7 Qxa2 31. h5 Qb1+ 32. Kh2 h6 33. Qg4 Rd1
34. Bxh6 Rh1+ 35. Kg3 Bh4+ 36. Qxh4 Rxh4 37. Bxg7+ Kg8 38. Kxh4 Qxb2 39. Kg5
Qxf2 40. Re7 Qxg2+ 41. Kf6 Qf3+ 42. Kg6 Qg4+ 43. Kh6 e4 44. Bd4 Qf4+ 45. Kg6
Qg3+ 46. Kf5 Qh4 47. Rg7+ Kf8 48. Kg6 Qg4+ 49. Kh6 Qf5 50. Rg5 Qf4 51. Be5 Qf3
52. Rg3 Qf2 53. Kg5 Kf7 54. h6 Ke6 55. Bf4 Qc5+ 56. Kh4 Qe7+ 57. Kh5 Qf7+ 0-1

[Event "4NCL Division 3"]
[Site "Daventry Court ENG"]
[Date "2014.03.22"]
[Round "7.59"]
[White "Hunt, Daniel"]
[Black "Ackley, Peter JE"]
[Result "1-0"]
[WhiteElo "2060"]
[BlackElo "2030"]
[PlyCount "57"]
[EventDate "2014.03.22"]
[WhiteTeam "Guildford 3"]
[BlackTeam "Spirit of Atticus A"]

1. e4 g6 2. d4 Bg7 3. Be3 d6 4. Nc3 a6 5. Qd2 Nd7 6. Nf3 b5 7. a4 b4 8. Ne2 a5
9. c3 c5 10. Ng3 bxc3 11. bxc3 Ba6 12. Bb5 Bxb5 13. axb5 Qb6 14. Rb1 a4 15. O-O
Ngf6 16. e5 dxe5 17. dxc5 Nxc5 18. Nxe5 O-O 19. Qd4 Ng4 20. Qxg4 Bxe5 21. Ne4
Bd6 22. Nxd6 Qxd6 23. Rfd1 Qe6 24. Qxe6 Nxe6 25. b6 a3 26. b7 Rab8 27. Ba7 a2
28. Rb2 Rbd8 29. Ra1 1-0

[Event "4NCL Division 3"]
[Site "Daventry Court ENG"]
[Date "2014.03.22"]
[Round "7.65"]
[White "Thorarinsson, Pall A"]
[Black "Thomas, Rik H"]
[Result "1-0"]
[WhiteElo "2233"]
[BlackElo "2193"]
[PlyCount "49"]
[EventDate "2014.03.22"]
[WhiteTeam "Fermented Sharks"]
[BlackTeam "Kings Head 2"]

1. e4 e6 2. Nc3 b6 3. d4 Bb4 4. Qg4 Qf6 5. Nf3 Qg6 6. Qf4 Nf6 7. Bd3 Ba6 8. O-O
Bxd3 9. cxd3 Bxc3 10. bxc3 d6 11. c4 Nc6 12. c5 bxc5 13. dxc5 e5 14. Qd2 O-O
15. cxd6 cxd6 16. Ba3 Rfd8 17. Rac1 Rac8 18. Nh4 Qg4 19. Nf5 Nd4 20. Rxc8 Nf3+
21. Kh1 Rxc8 22. gxf3 Qxf3+ 23. Kg1 Qg4+ 24. Ng3 h5 25. f3 1-0

[Event "4NCL Division 3"]
[Site "Daventry Court ENG"]
[Date "2014.03.22"]
[Round "7.66"]
[White "Davey, Mark"]
[Black "Farkas, Daniel"]
[Result "1/2-1/2"]
[WhiteElo "1999"]
[BlackElo "2124"]
[PlyCount "52"]
[EventDate "2014.03.22"]
[WhiteTeam "Kings Head 2"]
[BlackTeam "Fermented Sharks"]

1. e4 c6 2. d4 d5 3. exd5 cxd5 4. c4 Nf6 5. Nc3 g6 6. Nf3 Bg7 7. h3 O-O 8. Be3
Nc6 9. c5 Ne4 10. Qb3 e5 11. dxe5 Nxe5 12. Nxe5 Bxe5 13. Nxe4 dxe4 14. Bc4 Qa5+
15. Bd2 Qc7 16. Be3 Kg7 17. O-O Bd7 18. Rfd1 Bc6 19. Rac1 Rad8 20. Qc2 a5 21.
b3 f5 22. Bg5 Rxd1+ 23. Rxd1 h6 24. Bc1 Rd8 25. a3 Rxd1+ 26. Qxd1 Qd7 1/2-1/2

[Event "4NCL Division 3"]
[Site "Daventry Court ENG"]
[Date "2014.03.22"]
[Round "7.67"]
[White "Agnew, Alan"]
[Black "Wittmann, Jochen"]
[Result "1/2-1/2"]
[WhiteElo "2081"]
[BlackElo "2123"]
[PlyCount "140"]
[EventDate "2014.03.22"]
[WhiteTeam "Fermented Sharks"]
[BlackTeam "Kings Head 2"]

1. e4 e5 2. Nf3 Nc6 3. Bc4 Nf6 4. d3 h6 5. c3 d6 6. Nbd2 g6 7. O-O Bg7 8. d4
O-O 9. dxe5 dxe5 10. b4 Qe7 11. a4 Rd8 12. Ba3 Qe8 13. Qc2 Be6 14. Bb5 Nh5 15.
Nc4 Bg4 16. Bxc6 bxc6 17. Ne1 Be6 18. Na5 f5 19. Nd3 Nf6 20. Nc5 f4 21. f3 Bf7
22. Rfd1 g5 23. Rxd8 Rxd8 24. Rd1 Rxd1+ 25. Qxd1 Bf8 26. Ncb7 g4 27. Nd8 gxf3
28. gxf3 Bh5 29. Naxc6 Qg6+ 30. Kf1 Kh7 31. Ne6 Qf7 32. Nxf8+ Qxf8 33. Qd3 Qc8
34. Nxe5 Qe8 35. Qb5 c6 36. Qb7+ Kh8 37. Qc7 Bxf3 38. Nf7+ Kg7 39. Nd6+ Qd7 40.
Qxd7+ Nxd7 41. Bc1 Bd1 42. Bxf4 Bxa4 43. e5 Bb3 44. c4 Nf8 45. Kf2 Ne6 46. Ke3
Nd8 47. Kd4 Ne6+ 48. Ke4 Bc2+ 49. Ke3 h5 50. h4 a6 51. Bg5 Bb3 52. Bf6+ Kf8 53.
Nf5 Bxc4 54. Ng3 Bb5 55. Nxh5 c5 56. bxc5 Nxc5 57. Kd4 Ne6+ 58. Kd5 Kf7 59. Ng3
Nc7+ 60. Kc5 Ne6+ 61. Kd6 Bd3 62. Bg5 a5 63. Bc1 a4 64. Bb2 Ng7 65. Kd5 Bc2 66.
h5 Bb3+ 67. Kd6 Ne6 68. Ne4 Kg7 69. Nf6 Nf4 70. Ng4 Ne6 1/2-1/2

[Event "4NCL Division 3"]
[Site "Daventry Court ENG"]
[Date "2014.03.22"]
[Round "7.68"]
[White "Whitehead, David J"]
[Black "Millward, Kevin P"]
[Result "1/2-1/2"]
[WhiteElo "2016"]
[BlackElo "2000"]
[PlyCount "111"]
[EventDate "2014.03.22"]
[WhiteTeam "Kings Head 2"]
[BlackTeam "Fermented Sharks"]

1. e4 g6 2. d4 Bg7 3. Nc3 d6 4. Be3 a6 5. Qd2 b5 6. f3 Nd7 7. Nge2 c5 8. Nc1
Bb7 9. Be2 Qc7 10. O-O Rc8 11. dxc5 Nxc5 12. Nd3 Ne6 13. Nd5 Qxc2 14. Qe1 Nd4
15. Bxd4 Bxd4+ 16. Kh1 Bxb2 17. Rb1 Bd4 18. N3b4 Qc5 19. Nd3 Qa7 20. Qa5 Bxd5
21. exd5 Bb6 22. Qa3 Nf6 23. Nb4 O-O 24. Qxa6 Qxa6 25. Nxa6 Nxd5 26. Rxb5 Nc3
27. Rxb6 Nxe2 28. Rb2 Nf4 29. Nb4 Rc3 30. g3 Nd3 31. Nxd3 Rxd3 32. Kg2 Ra8 33.
Rfb1 Rda3 34. Rb8+ Rxb8 35. Rxb8+ Kg7 36. Rb2 e5 37. Rd2 Ra6 38. Kf2 Kf6 39. a3
Ke6 40. Rd3 Ra4 41. Ke2 h5 42. Kd2 f5 43. Kc2 e4 44. Rc3 Kd5 45. Kb3 Ra7 46.
fxe4+ fxe4 47. a4 Rb7+ 48. Kc2 Kd4 49. a5 Ra7 50. Ra3 d5 51. a6 Kc4 52. Ra5 Kd4
53. Kd2 e3+ 54. Ke2 Ke4 55. Ra4+ d4 56. h4 1/2-1/2

[Event "4NCL Division 3"]
[Site "Daventry Court ENG"]
[Date "2014.03.22"]
[Round "7.70"]
[White "Disu, Kayode"]
[Black "McAleenan, Charles T"]
[Result "1-0"]
[WhiteElo "1896"]
[BlackElo "1815"]
[PlyCount "67"]
[EventDate "2014.03.22"]
[WhiteTeam "Kings Head 2"]
[BlackTeam "Fermented Sharks"]

1. c4 f5 2. g3 Nf6 3. Bg2 e6 4. Nc3 d5 5. d4 c6 6. Nf3 Bd6 7. O-O O-O 8. b3 Ne4
9. Qc2 Nd7 10. a4 Qe7 11. c5 Bc7 12. b4 e5 13. e3 Nxc3 14. Qxc3 e4 15. Nd2 Nf6
16. Ba3 g5 17. f3 Bd7 18. fxe4 fxe4 19. b5 Ng4 20. b6 axb6 21. cxb6 Rxf1+ 22.
Nxf1 Bd6 23. Bxd6 Qxd6 24. a5 Qf6 25. Ra2 Rf8 26. a6 Nf2 27. Qe1 Nh3+ 28. Bxh3
Bxh3 29. Rf2 Qd8 30. Rxf8+ Kxf8 31. Qb4+ Kf7 32. a7 h5 33. Qa3 Bxf1 34. a8=Q
1-0

[Event "4NCL Division 3"]
[Site "Daventry Court ENG"]
[Date "2014.03.22"]
[Round "7.75"]
[White "Dunn, Andrew"]
[Black "Macdonald-Ross, Michael"]
[Result "1-0"]
[WhiteElo "2225"]
[BlackElo "2142"]
[PlyCount "113"]
[EventDate "2014.03.22"]
[WhiteTeam "North East England 1"]
[BlackTeam "MK Phoenix 1"]

1. d4 d5 2. c4 e6 3. Nf3 Nf6 4. g3 c5 5. cxd5 exd5 6. Bg2 Nc6 7. O-O Be7 8. Nc3
O-O 9. Be3 Ng4 10. Bf4 Be6 11. h3 Nf6 12. dxc5 Bxc5 13. Bg5 Be7 14. Nd4 Qd7 15.
Kh2 Nxd4 16. Qxd4 Rfc8 17. Rad1 Rc4 18. Qxc4 dxc4 19. Rxd7 Bxd7 20. Rd1 Bc6 21.
Bxc6 bxc6 22. Rd4 Bc5 23. Rxc4 Bxf2 24. Bxf6 gxf6 25. Ne4 Be3 26. Nxf6+ Kh8 27.
Rxc6 Bd4 28. b4 Bxf6 29. Rxf6 Re8 30. Kg2 Rxe2+ 31. Rf2 Re3 32. Rxf7 Ra3 33.
Rf2 Kg7 34. h4 h5 35. Kh3 Kg6 36. Rc2 Ra4 37. Rc6+ Kg7 38. Rc5 Kg6 39. Ra5 Rxb4
40. Rxa7 Rc4 41. Ra6+ Kg7 42. Kg2 Rc3 43. Ra5 Kh6 44. Kf2 Rd3 45. a4 Ra3 46.
Ra6+ Kg7 47. a5 Kf7 48. Ra7+ Kf6 49. a6 Ra2+ 50. Ke1 Kf5 51. Ra8 Kg4 52. a7 Kh3
53. Kd1 Kg2 54. g4 hxg4 55. h5 g3 56. h6 Kf3 57. Rf8+ 1-0

[Event "4NCL Division 3"]
[Site "Daventry Court ENG"]
[Date "2014.03.22"]
[Round "7.76"]
[White "Tippleston, Charles E"]
[Black "Dargan, Paul AG"]
[Result "1-0"]
[WhiteElo "2111"]
[BlackElo "2173"]
[PlyCount "61"]
[EventDate "2014.03.22"]
[WhiteTeam "MK Phoenix 1"]
[BlackTeam "North East England 1"]

1. e4 c5 2. Nf3 g6 3. Bc4 Bg7 4. O-O Nc6 5. c3 e5 6. d4 cxd4 7. cxd4 exd4 8.
Qb3 Qe7 9. Bg5 Bf6 10. Bf4 d6 11. Nbd2 Be6 12. Bxe6 fxe6 13. e5 dxe5 14. Nxe5
Bxe5 15. Bxe5 Nf6 16. Bxf6 Qxf6 17. Qxb7 O-O 18. Qxc6 Rac8 19. Qe4 Rc5 20. Nf3
Rf5 21. Rae1 Re8 22. Ne5 Rf4 23. Qc6 Re7 24. Nd3 Rh4 25. Re4 Rh6 26. Rfe1 g5
27. Ne5 Qf5 28. Rxd4 Rf6 29. Ng4 Rg6 30. Rd8+ Kg7 31. Rd7 1-0

[Event "4NCL Division 3"]
[Site "Daventry Court ENG"]
[Date "2014.03.22"]
[Round "7.77"]
[White "Coathup, Roger H"]
[Black "Reuben, Stewart"]
[Result "1/2-1/2"]
[WhiteElo "2117"]
[BlackElo "2054"]
[PlyCount "58"]
[EventDate "2014.03.22"]
[WhiteTeam "North East England 1"]
[BlackTeam "MK Phoenix 1"]

1. d4 Nf6 2. c4 e6 3. Nc3 Bb4 4. e3 O-O 5. Bd3 c5 6. Nge2 Nc6 7. O-O d5 8. cxd5
exd5 9. a3 cxd4 10. exd4 Be7 11. Bc2 Re8 12. Bg5 Ne4 13. Bxe7 Rxe7 14. f3 Nxc3
15. Nxc3 Be6 16. Qd3 g6 17. Qd2 b5 18. Rfd1 Rb8 19. b4 Rc7 20. Bb3 a5 21. bxa5
Nxa5 22. Bxd5 Bxd5 23. Nxd5 Rd7 24. Nb4 Nb3 25. Qd3 Nxd4 26. Nc6 Qb6 27. Nxd4
Rbd8 28. Qe3 Rxd4 29. Rxd4 Qxd4 1/2-1/2

[Event "4NCL Division 3"]
[Site "Daventry Court ENG"]
[Date "2014.03.22"]
[Round "7.78"]
[White "Habershon, Paul F"]
[Black "Henderson, David"]
[Result "0-1"]
[WhiteElo "2082"]
[BlackElo "2092"]
[PlyCount "70"]
[EventDate "2014.03.22"]
[WhiteTeam "MK Phoenix 1"]
[BlackTeam "North East England 1"]

1. e4 e5 2. Nf3 Nc6 3. d4 exd4 4. Nxd4 Nf6 5. Nxc6 bxc6 6. e5 Qe7 7. Qe2 Nd5 8.
c4 Ba6 9. Nd2 Nf4 10. Qe3 Ng6 11. f4 d6 12. Nf3 dxe5 13. Nxe5 Nxe5 14. Qxe5
Qxe5+ 15. fxe5 Bb4+ 16. Kf2 O-O-O 17. Be2 Bc5+ 18. Be3 Bxe3+ 19. Kxe3 Rhe8 20.
Rad1 Rxe5+ 21. Kf2 Rd6 22. b3 c5 23. Bf3 Bb7 24. Bxb7+ Kxb7 25. Rhe1 Rxe1 26.
Rxe1 Rd2+ 27. Re2 Rxe2+ 28. Kxe2 Kc6 29. Ke3 Kd6 30. Kf4 Ke6 31. g4 f6 32. h4
g6 33. Ke4 f5+ 34. gxf5+ gxf5+ 35. Kf4 h6 0-1

[Event "4NCL Division 3"]
[Site "Daventry Court ENG"]
[Date "2014.03.22"]
[Round "7.80"]
[White "Fraser-Mitchell, Jeremy N"]
[Black "Robson, Paul E"]
[Result "1-0"]
[WhiteElo "2048"]
[BlackElo "1915"]
[PlyCount "81"]
[EventDate "2014.03.22"]
[WhiteTeam "MK Phoenix 1"]
[BlackTeam "North East England 1"]

1. d4 Nf6 2. c4 c5 3. d5 b5 4. cxb5 a6 5. Nc3 d6 6. e4 axb5 7. Bxb5+ Bd7 8. Qe2
Bxb5 9. Nxb5 g6 10. Nf3 Bg7 11. O-O O-O 12. a4 Nbd7 13. Nd2 Ne8 14. Ra3 Nc7 15.
Nc4 Nxb5 16. axb5 Qc7 17. Bg5 f6 18. Bd2 Rxa3 19. bxa3 Ra8 20. Rb1 Qb7 21. g3
Ra4 22. Rb3 Nb6 23. Nb2 Ra7 24. Nc4 Ra4 25. Na5 Qa8 26. Nc6 Rxa3 27. Rxa3 Qxa3
28. Ba5 Nd7 29. Nxe7+ Kf8 30. Nc6 Qc1+ 31. Kg2 Qb1 32. Bc7 Ke8 33. Bxd6 Qb3 34.
Qg4 f5 35. Qe2 Kf7 36. Na5 Qc3 37. exf5 Ne5 38. Nc6 Qb3 39. Nxe5+ Bxe5 40. Qxe5
gxf5 41. Qxf5+ 1-0

[Event "4NCL Division 3"]
[Site "Daventry Court ENG"]
[Date "2014.03.22"]
[Round "7.85"]
[White "Hall, John"]
[Black "Gregory, Stephen J"]
[Result "1-0"]
[WhiteElo "2250"]
[BlackElo "2046"]
[PlyCount "73"]
[EventDate "2014.03.22"]
[WhiteTeam "Leeds University Old Boys"]
[BlackTeam "Anglian Avengers 2"]

1. e4 d6 2. d4 Nf6 3. Nc3 g6 4. f4 Bg7 5. Nf3 c5 6. Bb5+ Bd7 7. e5 Ng4 8. e6
Bxb5 9. exf7+ Kd7 10. Nxb5 Qa5+ 11. Nc3 cxd4 12. Nxd4 Bxd4 13. Qxd4 Nc6 14. Qc4
Qb6 15. Qe2 h5 16. Bd2 Rhf8 17. O-O-O Rxf7 18. Rhe1 Nf6 19. Qe6+ Ke8 20. Be3
Qd8 21. Nb5 Kf8 22. f5 gxf5 23. Bh6+ Kg8 24. Qxf5 Kh8 25. Bg5 Qf8 26. Rf1 Qg7
27. Nxd6 Rff8 28. Bxf6 Rxf6 29. Qxh5+ Kg8 30. Rxf6 exf6 31. Qd5+ Kf8 32. Rf1
Rd8 33. Qe6 Qg5+ 34. Kb1 Rxd6 35. Qxd6+ Kg7 36. Rf3 Kf7 37. Qf4 1-0

[Event "4NCL Division 3"]
[Site "Daventry Court ENG"]
[Date "2014.03.22"]
[Round "7.86"]
[White "Tozer, Philip AA"]
[Black "Mossong, Hubert"]
[Result "1-0"]
[WhiteElo "2147"]
[BlackElo "2104"]
[PlyCount "47"]
[EventDate "2014.03.22"]
[WhiteTeam "Anglian Avengers 2"]
[BlackTeam "Leeds University Old Boys"]

1. c4 d6 2. g3 e5 3. Nc3 Nc6 4. Bg2 Be6 5. d3 h6 6. e4 g6 7. Nge2 Bg7 8. O-O
Nge7 9. Nd5 O-O 10. f4 f5 11. fxe5 dxe5 12. Be3 Qd7 13. Qb3 Rab8 14. Rad1 b6
15. Qa3 Rf7 16. b4 Rbf8 17. b5 Bxd5 18. cxd5 Nd4 19. Bxd4 exd4 20. Nf4 fxe4 21.
Bh3 Qxb5 22. Be6 Kh7 23. Bxf7 Rxf7 24. Ne6 1-0

[Event "4NCL Division 3"]
[Site "Daventry Court ENG"]
[Date "2014.03.22"]
[Round "7.87"]
[White "Wojciechowski, Paul"]
[Black "LeMoir, David A"]
[Result "1/2-1/2"]
[WhiteElo "2060"]
[BlackElo "2120"]
[PlyCount "36"]
[EventDate "2014.03.22"]
[WhiteTeam "Leeds University Old Boys"]
[BlackTeam "Anglian Avengers 2"]

1. e4 e5 2. Nc3 Nf6 3. Bc4 Nc6 4. d3 Bb4 5. Nge2 d5 6. exd5 Nxd5 7. O-O Be6 8.
Ne4 O-O 9. N2g3 Be7 10. Qh5 Qd7 11. Ng5 Bxg5 12. Qxg5 f6 13. Qd2 f5 14. f3 Rad8
15. Qf2 a6 16. Re1 Qd6 17. a3 Kh8 18. Bd2 Nd4 1/2-1/2

[Event "4NCL Division 3"]
[Site "Daventry Court ENG"]
[Date "2014.03.22"]
[Round "7.89"]
[White "Deighton, Simon"]
[Black "Scott, Gordon W"]
[Result "1/2-1/2"]
[WhiteElo "2021"]
[BlackElo "2064"]
[PlyCount "69"]
[EventDate "2014.03.22"]
[WhiteTeam "Leeds University Old Boys"]
[BlackTeam "Anglian Avengers 2"]

1. d4 Nf6 2. c4 g6 3. Nc3 d5 4. cxd5 Nxd5 5. Bd2 Nb6 6. Bg5 Bg7 7. e3 c5 8.
dxc5 Bxc3+ 9. bxc3 Qxd1+ 10. Rxd1 N6d7 11. Bb5 Nc6 12. Ne2 Nxc5 13. Nd4 Bd7 14.
f3 Rc8 15. O-O f6 16. Bh4 O-O 17. Nb3 Ne5 18. Bxd7 Nexd7 19. Rd5 e6 20. Rd6 Kf7
21. e4 Nb6 22. Nxc5 Rxc5 23. Bf2 Rxc3 24. Bxb6 axb6 25. Rd7+ Kg8 26. Rxb7 Rc2
27. Rd1 Rf7 28. Rxf7 Kxf7 29. Rd7+ Kg8 30. Rb7 Rxa2 31. Rxb6 Kf7 32. Rb7+ Kg8
33. h4 h5 34. Kh2 e5 35. Rc7 1/2-1/2

[Event "4NCL Division 3"]
[Site "Daventry Court ENG"]
[Date "2014.03.22"]
[Round "7.90"]
[White "Myall, Ivan J"]
[Black "Bourne, Iain"]
[Result "1-0"]
[WhiteElo "2049"]
[BlackElo "1919"]
[PlyCount "69"]
[EventDate "2014.03.22"]
[WhiteTeam "Anglian Avengers 2"]
[BlackTeam "Leeds University Old Boys"]

1. e4 c5 2. c3 Nf6 3. e5 Nd5 4. d4 cxd4 5. Nf3 Nc6 6. cxd4 d6 7. Bc4 Nb6 8. Bb5
dxe5 9. Nxe5 Bd7 10. Nc3 Nxe5 11. dxe5 Bxb5 12. Nxb5 Qxd1+ 13. Kxd1 O-O-O+ 14.
Ke2 a6 15. Be3 Nd5 16. Rac1+ Kb8 17. Ba7+ Ka8 18. Rhd1 axb5 19. Bb6 Nxb6 20.
Rxd8+ Ka7 21. e6 fxe6 22. Rc3 Nc4 23. Rf3 Nxb2 24. Rfxf8 Rxf8 25. Rxf8 b4 26.
Rf4 Na4 27. Rxb4 Nc3+ 28. Kd2 Nd5 29. Re4 Kb6 30. Rxe6+ Kc5 31. Re4 b5 32. a3
Kd6 33. f4 Nb6 34. Kd3 Nc4 35. Rxc4 1-0

[Event "4NCL Division 3"]
[Site "Daventry Court ENG"]
[Date "2014.03.22"]
[Round "7.95"]
[White "Morley, Andrew J"]
[Black "Coates, Kenneth G"]
[Result "1/2-1/2"]
[WhiteElo "2058"]
[BlackElo "2155"]
[PlyCount "58"]
[EventDate "2014.03.22"]
[WhiteTeam "e2e4.org.uk 2"]
[BlackTeam "BCM Rhinos (2)"]

1. e4 d5 2. exd5 Qxd5 3. Nc3 Qd6 4. d4 Nf6 5. Nf3 Bg4 6. Be2 a6 7. Be3 Nc6 8.
Qd2 e6 9. O-O Be7 10. a3 O-O 11. Rad1 Rad8 12. h3 Bh5 13. Bf4 Qd7 14. Ne5 Nxe5
15. Bxe5 Bxe2 16. Qxe2 Qc6 17. Rd3 Rd7 18. Rfd1 Rfd8 19. Rg3 g6 20. Qe3 Nd5 21.
Qh6 Bf8 22. Qh4 Bg7 23. Bxg7 Kxg7 24. Rf3 e5 25. dxe5 Nxc3 26. Qf6+ Kf8 27.
Qh8+ Ke7 28. Qf6+ Ke8 29. Qh8+ Ke7 1/2-1/2

[Event "4NCL Division 3"]
[Site "Daventry Court ENG"]
[Date "2014.03.22"]
[Round "7.96"]
[White "Purdon, Colin"]
[Black "Barnes, Michael H"]
[Result "1/2-1/2"]
[WhiteElo "2147"]
[BlackElo "2196"]
[PlyCount "65"]
[EventDate "2014.03.22"]
[WhiteTeam "BCM Rhinos (2)"]
[BlackTeam "e2e4.org.uk 2"]

1. d4 d5 2. c4 c6 3. Nf3 e6 4. Nc3 dxc4 5. e3 b5 6. a4 Bb4 7. Bd2 a5 8. axb5
Bxc3 9. Bxc3 cxb5 10. b3 Bb7 11. bxc4 b4 12. Bb2 Nf6 13. Bd3 Nbd7 14. O-O O-O
15. Nd2 e5 16. Bc2 Qc7 17. d5 Nc5 18. f4 Rfe8 19. fxe5 Rxe5 20. Nf3 Rh5 21.
Bxf6 gxf6 22. Qd4 Rh6 23. d6 Qc6 24. Qf4 Kg7 25. Qg3+ Kh8 26. Nd4 Qe8 27. Qf4
Qf8 28. Nf5 Rg6 29. Ng3 Ne6 30. Qf2 Rh6 31. Nf5 Rg6 32. Ng3 Rh6 33. Nf5 1/2-1/2

[Event "4NCL Division 3"]
[Site "Daventry Court ENG"]
[Date "2014.03.22"]
[Round "7.97"]
[White "Lentzos, Ioannis"]
[Black "Tavares, Shawn P"]
[Result "1/2-1/2"]
[WhiteElo "1842"]
[BlackElo "2140"]
[PlyCount "55"]
[EventDate "2014.03.22"]
[WhiteTeam "e2e4.org.uk 2"]
[BlackTeam "BCM Rhinos (2)"]

1. e4 e6 2. d3 d5 3. Qe2 dxe4 4. dxe4 b6 5. Nf3 Bb4+ 6. Bd2 Ba6 7. c4 Nc6 8.
Nc3 Nf6 9. e5 Nd7 10. Qe4 Bb7 11. O-O-O Qe7 12. a3 Bxa3 13. Nb5 Nc5 14. Qg4
Nb3+ 15. Kc2 Nxd2 16. Rxd2 Bb4 17. Qxg7 Rf8 18. Nc3 Bxc3 19. bxc3 Qa3 20. Qxh7
Na5 21. Qd3 Bc6 22. Nd4 Ba4+ 23. Kb1 Nb3 24. Nxb3 Qxb3+ 25. Rb2 Qa3 26. Rd2
Qb3+ 27. Ka1 Qa3+ 28. Kb1 1/2-1/2

[Event "4NCL Division 3"]
[Site "Daventry Court ENG"]
[Date "2014.03.22"]
[Round "7.98"]
[White "Fegan, Chris"]
[Black "Mansson, James C"]
[Result "1-0"]
[WhiteElo "2054"]
[BlackElo "2104"]
[PlyCount "135"]
[EventDate "2014.03.22"]
[WhiteTeam "BCM Rhinos (2)"]
[BlackTeam "e2e4.org.uk 2"]

1. d4 Nf6 2. e3 g6 3. Bd3 Bg7 4. f4 O-O 5. Nf3 c5 6. c3 b6 7. O-O Bb7 8. Nbd2
d6 9. a3 Nbd7 10. e4 cxd4 11. cxd4 e5 12. fxe5 dxe5 13. d5 Nc5 14. Bc2 Ba6 15.
Re1 Nh5 16. Nb3 Nxb3 17. Bxb3 Qd7 18. Ba4 Bb5 19. Bxb5 Qxb5 20. Qe2 Qd7 21. Bd2
Rfe8 22. g3 Qg4 23. Ng5 Qxe2 24. Rxe2 h6 25. Nf3 Rad8 26. Rc1 f5 27. Rc7 fxe4
28. Rxe4 Nf6 29. Re2 Nxd5 30. Rxa7 e4 31. Nh4 e3 32. Bc1 Rc8 33. Re1 e2 34. Nf3
g5 35. h3 Bf8 36. b4 Bg7 37. Bd2 Bc3 38. Rd7 Bxd2 39. Nxd2 Nc3 40. Nb3 Nd1 41.
Nd4 Rc3 42. Nxe2 Rxg3+ 43. Nxg3 Rxe1+ 44. Kg2 Nb2 45. Rd6 Nc4 46. Rxh6 Ra1 47.
Rg6+ Kh7 48. Rxg5 Nxa3 49. Rh5+ Kg6 50. Re5 b5 51. h4 Rb1 52. h5+ Kh7 53. Re7+
Kh6 54. Re6+ Kh7 55. Nf5 Rxb4 56. h6 Rf4 57. Re7+ Kh8 58. Nd6 Rf6 59. Nf7+ Kh7
60. Ne5+ Kh8 61. Ng4 Rg6 62. Kg3 Nc4 63. Kh4 Nd6 64. Kh5 Nf5 65. Re5 Rxg4 66.
Kxg4 Nxh6+ 67. Kh5 Ng8 68. Kg6 1-0

[Event "4NCL Division 3"]
[Site "Daventry Court ENG"]
[Date "2014.03.22"]
[Round "7.99"]
[White "Taylor, Adam A"]
[Black "Scrimgour, Alan"]
[Result "1-0"]
[WhiteElo "1992"]
[BlackElo "2031"]
[PlyCount "67"]
[EventDate "2014.03.22"]
[WhiteTeam "e2e4.org.uk 2"]
[BlackTeam "BCM Rhinos (2)"]

1. Nf3 c5 2. c4 Nc6 3. d4 cxd4 4. Nxd4 g6 5. e4 Bg7 6. Be3 d6 7. Be2 Nf6 8. Nc3
O-O 9. O-O Bd7 10. Qd2 Ng4 11. Bxg4 Bxg4 12. f3 Bd7 13. Rfd1 Ne5 14. b3 Bc6 15.
Rac1 Re8 16. Qe2 Qc8 17. b4 Bd7 18. Nb1 f5 19. c5 fxe4 20. cxd6 exf3 21. Nxf3
Nxf3+ 22. Qxf3 Qd8 23. Qxb7 exd6 24. Bxa7 Bg4 25. Re1 Rc8 26. Qd5+ Kh8 27. Bd4
Rxc1 28. Bxg7+ Kxg7 29. Rxc1 Be6 30. Qd4+ Kg8 31. Nc3 Qg5 32. Re1 Re7 33. Ne4
Qb5 34. Qxd6 1-0

[Event "4NCL Division 3"]
[Site "Daventry Court ENG"]
[Date "2014.03.22"]
[Round "7.100"]
[White "Foley, John P"]
[Black "Milson, Samuel A"]
[Result "1/2-1/2"]
[WhiteElo "2030"]
[BlackElo "2045"]
[PlyCount "106"]
[EventDate "2014.03.22"]
[WhiteTeam "BCM Rhinos (2)"]
[BlackTeam "e2e4.org.uk 2"]

1. d4 d5 2. Nf3 Nf6 3. Bf4 Bf5 4. e3 Nbd7 5. Nbd2 h6 6. h3 e6 7. Bd3 Ne4 8. O-O
Bd6 9. Qe2 O-O 10. Ne5 Bxe5 11. dxe5 f6 12. exf6 Rxf6 13. Nf3 Qe7 14. c4 e5 15.
Bh2 c6 16. cxd5 cxd5 17. Rac1 Raf8 18. Rc7 Qd6 19. Rxd7 Qxd7 20. Nxe5 Qc8 21.
g4 Be6 22. f3 Ng5 23. Kg2 h5 24. Bf4 hxg4 25. hxg4 Nf7 26. Ng6 Re8 27. Rh1 d4
28. g5 Rxg6 29. Bxg6 Bf5 30. Bxf7+ Kxf7 31. e4 Be6 32. Rc1 Qd8 33. Rc7+ Re7 34.
Rxe7+ Qxe7 35. a3 Qc5 36. Qd2 a5 37. Bg3 Qb5 38. Qxd4 Qxg5 39. Qd6 Qb5 40. Qe5
Qxe5 41. Bxe5 a4 42. Kg3 g6 43. Kf4 Bb3 44. Bd4 Bd1 45. Bb6 Ke6 46. Ke3 Bb3 47.
f4 Bc2 48. Kd4 Kd6 49. Ba5 b5 50. Be1 Ke6 51. Bg3 Bd1 52. Bh4 Bc2 53. Bg5 Bd1
1/2-1/2